[Event "Quebec-ch"]
[Site "Montreal CAN"]
[Date "1998.06.10"]
[Round "6"]
[White "Linskiy, Oleg"]
[Black "Tremblay, Sylvain"]
[Result "1-0"]
[WhiteElo "2388"]
[BlackElo "2154"]
[PlyCount "159"]
[GameId "2160767911872951"]
[EventDate "1998.06.04"]
[EventType "tourn"]
[EventRounds "9"]
[EventCountry "CAN"]

1. d4 Nf6 2. Nf3 c5 3. c4 cxd4 4. Nxd4 Nc6 5. Nc3 e6 6. a3 d5 7. cxd5 Nxd5 8. Nxc6 bxc6 9. Bd2 Bc5 10. e3 O-O 11. Be2 f5 12. O-O Bd6 13. Bf3 Qc7 14. h3 Ba6 15. Re1 Nb6 16. Be2 Bb7 17. Qb3 Qf7 18. Bf3 Rad8 19. Rad1 e5 20. Qxf7+ Rxf7 21. Nb1 e4 22. Be2 Bc7 23. Ba5 Rff8 24. Nd2 h6 25. Rc1 Kh7 26. Nb3 Be5 27. Nc5 Bc8 28. Rc2 Rde8 29. b3 Be6 30. Nxe6 Rxe6 31. Rec1 Rff6 32. Bc3 Bxc3 33. Rxc3 Rd6 34. g3 g5 35. Ba6 Nd5 36. Rc4 Ne7 37. Bb7 Rd3 38. R4c3 Rfd6 39. b4 Kg7 40. Kg2 Kf6 41. a4 Ke6 42. Rc4 Rb3 43. g4 Rd2 44. gxf5+ Kxf5 45. Bxc6 Rxe3 46. Rxe4 Rxe4 47. Bxe4+ Ke5 48. Rc7 Ng8 49. Bh7 Nf6 50. Rxa7 Nh5 51. b5 Nf4+ 52. Kg3 Ra2 53. b6 Ra3+ 54. Kh2 Rxh3+ 55. Kg1 Rb3 56. a5 Ne2+ 57. Kh2 Nd4 58. Re7+ Kd6 59. Re3 Rb2 60. Ra3 Nc6 61. a6 Rxb6 62. a7 Nxa7 63. Rxa7 Ke5 64. Rg7 Kf4 65. Kg2 h5 66. Bg6 Kg4 67. Be8 Rb8 68. Re7 h4 69. Bd7+ Kh5 70. Re4 Kg6 71. Bg4 Kf7 72. Re5 Kf6 73. Re6+ Kf7 74. Rc6 Rb5 75. f3 Kg7 76. Bh5 Kh7 77. Bg6+ Kg7 78. Be4 Ra5 79. Kh3 Kf7 80. Kg4 1-0

[Event "Quebec-ch"]
[Site "Montreal CAN"]
[Date "1998.06.11"]
[Round "7"]
[White "Fillion, Steve"]
[Black "Goldenberg, Danny"]
[Result "1/2-1/2"]
[WhiteElo "2119"]
[BlackElo "2263"]
[PlyCount "85"]
[GameId "2160767911872952"]
[EventDate "1998.06.04"]
[EventType "tourn"]
[EventRounds "9"]
[EventCountry "CAN"]

1. d4 Nf6 2. Nf3 g6 3. c4 Bg7 4. Nc3 O-O 5. e4 d6 6. Be3 e5 7. dxe5 dxe5 8. Qxd8 Rxd8 9. Nd5 Nxd5 10. cxd5 h6 11. Rc1 c6 12. Bc4 b5 13. Bb3 Bb7 14. O-O cxd5 15. Rc7 dxe4 16. Bxf7+ Kh8 17. Nh4 Bd5 18. Bxd5 Rxd5 19. Nxg6+ Kh7 20. Nf8+ Kg8 21. Ne6 Nd7 22. Rfc1 Re8 23. Nxg7 Kxg7 24. h3 Re6 25. Rxa7 Kg6 26. Rcc7 Red6 27. g4 h5 28. Kg2 h4 29. b4 Rd1 30. Rab7 Kf6 31. Rxb5 Ra1 32. Rc1 Rxa2 33. Rb1 Rd3 34. Kf1 Nf8 35. Rb6+ Ne6 36. Rc6 Ke7 37. b5 Nd4 38. Rc7+ Kd6 39. b6 Rxe3 40. b7 Rf3 41. Rc2 Rxc2 42. b8=Q+ Kd5 43. Qb7+ 1/2-1/2

[Event "Quebec-ch"]
[Site "Montreal CAN"]
[Date "1998.06.11"]
[Round "7"]
[White "Tremblay, Sylvain"]
[Black "Hua, Lefong"]
[Result "1-0"]
[WhiteElo "2154"]
[BlackElo "2231"]
[PlyCount "89"]
[GameId "2160767911872955"]
[EventDate "1998.06.04"]
[EventType "tourn"]
[EventRounds "9"]
[EventCountry "CAN"]

1. e4 c5 2. Nf3 e6 3. d4 cxd4 4. Nxd4 a6 5. Bd3 Nf6 6. O-O Qc7 7. Qe2 Bc5 8. Nb3 Be7 9. Nc3 d6 10. f4 Nc6 11. Kh1 O-O 12. Bd2 b5 13. Rae1 Nd7 14. Nd5 exd5 15. exd5 Nce5 16. fxe5 Nxe5 17. Bc3 Bf6 18. Rxf6 Bg4 19. Qe4 Nxd3 20. cxd3 Bh5 21. Rff1 a5 22. a3 Bg6 23. Qd4 f6 24. Nd2 Rae8 25. Ne4 Re5 26. Nd2 Rb8 27. Rxe5 fxe5 28. Qg4 Bxd3 29. Qe6+ Kh8 30. Rf7 Qd8 31. Re7 Bg6 32. Nf3 b4 33. axb4 axb4 34. Be1 Qf8 35. Qxd6 e4 36. Ng1 Rd8 37. Qe5 Rxd5 38. Qxd5 Qxe7 39. Qa8+ Be8 40. Bxb4 Qe6 41. Bc3 h5 42. Qa7 Bf7 43. Qd4 Qg4 44. h3 Qg6 45. Ne2 1-0

[Event "Quebec-ch"]
[Site "Montreal CAN"]
[Date "1998.06.12"]
[Round "8"]
[White "Fillion, Steve"]
[Black "Wenaas, Eric"]
[Result "1-0"]
[WhiteElo "2119"]
[BlackElo "2172"]
[PlyCount "49"]
[GameId "2160767911872959"]
[EventDate "1998.06.04"]
[EventType "tourn"]
[EventRounds "9"]
[EventCountry "CAN"]

1. d4 d5 2. Nf3 Nf6 3. c4 e6 4. Nc3 Nbd7 5. Bg5 c6 6. e3 Qa5 7. Bxf6 Nxf6 8. Bd3 Bb4 9. Qb3 dxc4 10. Bxc4 Nd5 11. Rc1 O-O 12. O-O Nxc3 13. bxc3 Bd6 14. e4 e5 15. Ng5 Qc7 16. f4 exd4 17. e5 Bc5 18. e6 b5 19. exf7+ Kh8 20. Be6 d3+ 21. Kh1 Be3 22. Qb4 Bxe6 23. Qe4 g6 24. Qxe6 Bxc1 25. Qf6# 1-0

[Event "Quebec-ch"]
[Site "Montreal CAN"]
[Date "1998.06.12"]
[Round "8"]
[White "Goldenberg, Danny"]
[Black "Linskiy, Oleg"]
[Result "0-1"]
[WhiteElo "2263"]
[BlackElo "2388"]
[PlyCount "104"]
[GameId "2160767911872960"]
[EventDate "1998.06.04"]
[EventType "tourn"]
[EventRounds "9"]
[EventCountry "CAN"]

1. e4 c5 2. Nf3 Nc6 3. d4 cxd4 4. Nxd4 g6 5. c4 Bg7 6. Be3 Nf6 7. Nc3 d6 8. Be2 O-O 9. O-O Bd7 10. Nxc6 Bxc6 11. Qc2 a5 12. Rad1 Nd7 13. f4 Qc7 14. Kh1 a4 15. Rf3 f5 16. Nd5 Bxd5 17. exd5 b5 18. Bd4 Bxd4 19. Rxd4 Nf6 20. Rf1 Qb6 21. Rfd1 bxc4 22. Bxc4 Rfb8 23. R4d2 Rc8 24. b3 axb3 25. axb3 Qe3 26. Re2 Qxf4 27. g3 Qf3+ 28. Kg1 Ne4 29. Rf1 Qg4 30. Rf4 Qg5 31. Kg2 e5 32. Rf1 h5 33. Qc1 Qxc1 34. Rxc1 Rcb8 35. Rb2 Rb4 36. Kf3 Ra3 37. Kg2 Kg7 38. Rcc2 Nc5 39. Ra2 Rxa2 40. Rxa2 Kf6 41. Ra3 e4 42. Kf2 g5 43. Ke3 Ke5 44. Kd2 Kd4 45. Kc2 f4 46. Ra1 f3 47. Rd1+ Ke3 48. Kc3 Rxc4+ 49. Kxc4 f2 50. b4 Nd3 51. Rh1 Ne5+ 52. Kc3 Kf3 0-1

[Event "Quebec-ch"]
[Site "Montreal CAN"]
[Date "1998.06.14"]
[Round "9"]
[White "Leveille, Francois"]
[Black "Fillion, Steve"]
[Result "1/2-1/2"]
[WhiteElo "2330"]
[BlackElo "2119"]
[PlyCount "48"]
[GameId "2160767911872963"]
[EventDate "1998.06.04"]
[EventType "tourn"]
[EventRounds "9"]
[EventCountry "CAN"]

1. e4 e6 2. d4 d5 3. Nc3 Nf6 4. e5 Nfd7 5. f4 c5 6. Nf3 Nc6 7. Be3 cxd4 8. Nxd4 Bc5 9. Qd2 Bxd4 10. Bxd4 Nxd4 11. Qxd4 Qb6 12. O-O-O Qxd4 13. Rxd4 Ke7 14. Be2 h5 15. Bf3 Nb6 16. f5 Bd7 17. Rhd1 Bc6 18. a4 a5 19. b3 Rac8 20. Kb2 Rc7 21. R1d3 Nd7 22. Re3 Nc5 23. Rf4 g5 24. Rd4 Kd8 1/2-1/2

[Event "Quebec-ch"]
[Site "Montreal CAN"]
[Date "1998.06.14"]
[Round "9"]
[White "Linskiy, Oleg"]
[Black "Hua, Lefong"]
[Result "1-0"]
[WhiteElo "2388"]
[BlackElo "2231"]
[PlyCount "159"]
[GameId "2160767911872964"]
[EventDate "1998.06.04"]
[EventType "tourn"]
[EventRounds "9"]
[EventCountry "CAN"]

1. d4 Nf6 2. Nf3 e6 3. e3 c5 4. Bd3 d5 5. b3 Nbd7 6. Bb2 Bd6 7. O-O O-O 8. Nbd2 Qc7 9. c4 b6 10. Rc1 Bb7 11. h3 Rac8 12. cxd5 exd5 13. Bf5 Rcd8 14. Qc2 h6 15. Qb1 Qb8 16. Qa1 cxd4 17. Bxd4 Bc5 18. Bxd7 Bxd4 19. Nxd4 Rxd7 20. Nf5 Kh7 21. Nf3 Re8 22. Rfd1 Rc7 23. Rxc7 Qxc7 24. Rc1 Qd7 25. N3d4 g6 26. Ng3 Ne4 27. Nge2 Rc8 28. Rxc8 Qxc8 29. f3 Nd6 30. Qc3 Qc5 31. Kf2 Kg8 32. b4 Qc4 33. Qxc4 dxc4 34. e4 Kf8 35. Nc3 Ke7 36. a4 a6 37. Ke3 f6 38. Nde2 g5 39. Kd4 Ke6 40. Ng3 Bc6 41. Nf1 f5 42. Ne3 fxe4 43. fxe4 b5 44. a5 Bb7 45. g4 Nf7 46. Nf5 Ne5 47. Kc5 Nd7+ 48. Kd4 Ne5 49. Ng7+ Kd6 50. Ne8+ Ke6 51. Nc7+ Kd6 52. N7xb5+ axb5 53. Nxb5+ Kc6 54. Nc3 Nf3+ 55. Kxc4 Ng1 56. b5+ Kd6 57. a6 Bc8 58. e5+ Kxe5 59. Kc5 Nxh3 60. Kc6 Nf4 61. Nd5 Bxg4 62. Nxf4 gxf4 63. b6 f3 64. b7 f2 65. b8=Q+ Ke4 66. Qb1+ Ke3 67. a7 Bf3+ 68. Kd6 Ke2 69. Qc2+ Ke1 70. Qc3+ Ke2 71. Qxf3+ Kxf3 72. a8=Q+ Ke2 73. Qe4+ Kd2 74. Qf3 Ke1 75. Qe3+ Kf1 76. Ke5 Kg2 77. Qe4+ Kg1 78. Qg4+ Kh2 79. Qf3 Kg1 80. Qg3+ 1-0

[Event "Quebec-ch"]
[Site "Montreal CAN"]
[Date "1998.06.14"]
[Round "9"]
[White "Wenaas, Eric"]
[Black "Goldenberg, Danny"]
[Result "0-1"]
[WhiteElo "2172"]
[BlackElo "2263"]
[PlyCount "80"]
[GameId "2160767911872966"]
[EventDate "1998.06.04"]
[EventType "tourn"]
[EventRounds "9"]
[EventCountry "CAN"]

1. c4 Nf6 2. Nc3 d6 3. g3 g6 4. Bg2 Bg7 5. Nf3 O-O 6. O-O Nc6 7. d3 e5 8. Rb1 Nd4 9. Bg5 h6 10. Bxf6 Nxf3+ 11. Bxf3 Bxf6 12. b4 Bg7 13. e3 f5 14. Bg2 Kh8 15. b5 Qf6 16. Nd5 Qf7 17. a4 Be6 18. f4 Rac8 19. Qd2 Rfe8 20. Rbc1 c6 21. bxc6 bxc6 22. Nb4 e4 23. dxe4 Bxc4 24. Rfe1 fxe4 25. Bh3 Be6 26. Bxe6 Qxe6 27. Nxc6 d5 28. Nd4 Qa6 29. Rxc8 Rxc8 30. Rc1 Rxc1+ 31. Qxc1 Qxa4 32. Qc8+ Kh7 33. Ne6 Qa1+ 34. Kg2 Qb2+ 35. Kh3 Qf6 36. Qd7 a6 37. Nxg7 Qxg7 38. Qxd5 Qf6 39. Qxe4 Qf5+ 40. Qxf5 gxf5 0-1

[Event "Quebec-ch (ville/city)"]
[Site "Quebec CAN"]
[Date "1998.05.24"]
[Round "4"]
[White "Sarra-Bournet, Marc"]
[Black "Berthiaume, Serge"]
[Result "0-1"]
[WhiteElo "1732"]
[BlackElo "2049"]
[PlyCount "82"]
[GameId "2160767911872992"]
[EventDate "1998.05.22"]
[EventType "swiss"]
[EventRounds "6"]
[EventCountry "CAN"]
[SourceTitle "Echec+ 1999.01"]

1. e4 c5 2. Nc3 Nc6 3. f4 d6 4. Nf3 e6 5. Bc4 a6 6. d3 Qc7 7. f5 h6 8. O-O Nf6 9. fxe6 fxe6 10. Bf4 Bd7 11. Nh4 O-O-O 12. Ng6 Rh7 13. Bg3 Na5 14. Bh4 Nxc4 15. dxc4 Bc6 16. Bxf6 gxf6 17. Rxf6 Bg7 18. Rxe6 Bd4+ 19. Kh1 Qf7 20. Ne7+ Qxe7 21. Rxe7 Rxe7 22. Qg4+ Kb8 23. Nd5 Rg7 24. Qh4 Rdg8 25. c3 Be5 26. Ne7 Rg4 27. Nxc6+ bxc6 28. Qh3 h5 29. Qf3 h4 30. h3 Rf4 31. Qe3 Rgf8 32. Rg1 Rf2 33. Qc1 R8f3 34. Rd1 Rg3 35. Qb1 Rgxg2 36. Qd3 Rg3 37. Qb1 Rxh3+ 38. Kg1 Rhh2 39. Qd3 Rhg2+ 40. Kh1 Rg3 41. Qb1 Rg4 0-1

[Event "Quebec-ch U16"]
[Site "Montreal CAN"]
[Date "1998.03.05"]
[Round "1"]
[White "Bachand-Fleurent, Julien"]
[Black "Moss, Laurent"]
[Result "0-1"]
[WhiteElo "1657"]
[BlackElo "1595"]
[PlyCount "62"]
[GameId "2160767911873774"]
[EventDate "1998.03.05"]
[EventType "tourn"]
[EventRounds "7"]
[EventCountry "CAN"]
[SourceTitle "EXT 2000"]
[Source "ChessBase"]
[SourceDate "1999.11.18"]
[SourceVersion "1"]
[SourceVersionDate "1999.11.18"]
[SourceQuality "1"]

1. e4 c5 2. Nf3 d6 3. d4 cxd4 4. Nxd4 Nf6 5. Nc3 g6 6. Be3 Bg7 7. f3 Nc6 8. Qd2 O-O 9. Bc4 Bd7 10. Bb3 Rc8 11. g4 Ne5 12. Bh6 Bxh6 13. Qxh6 Rxc3 14. bxc3 a5 15. a3 a4 16. Ba2 Qa5 17. Qe3 Qc5 18. Kd2 Rc8 19. Rhb1 Bxg4 20. Rxb7 Bxf3 21. Nxf3 Qxe3+ 22. Kxe3 Rxc3+ 23. Ke2 Rxf3 24. Rb4 Rh3 25. Rxa4 Rxh2+ 26. Ke3 Nfg4+ 27. Kd4 Rxc2 28. Ra8+ Kg7 29. a4 Nc6+ 30. Kd5 Nb4+ 31. Kd4 e5# 0-1

[Event "Quebec-ch U16"]
[Site "Montreal CAN"]
[Date "1998.03.05"]
[Round "1"]
[White "Desmarais, Emmanuel"]
[Black "Falardeau, Bruno"]
[Result "1-0"]
[WhiteElo "1693"]
[BlackElo "1631"]
[PlyCount "51"]
[GameId "2160767911873775"]
[EventDate "1998.03.05"]
[EventType "tourn"]
[EventRounds "7"]
[EventCountry "CAN"]
[SourceTitle "EXT 2000"]
[Source "ChessBase"]
[SourceDate "1999.11.18"]
[SourceVersion "1"]
[SourceVersionDate "1999.11.18"]
[SourceQuality "1"]

1. e4 e6 2. d4 d5 3. Nc3 Bb4 4. e5 c5 5. Bd2 Ne7 6. Nb5 O-O 7. c3 Ba5 8. dxc5 Ng6 9. b4 a6 10. Nd6 Bc7 11. f4 f6 12. Bd3 fxe5 13. Bxg6 hxg6 14. Nxc8 Qxc8 15. fxe5 Bxe5 16. Qg4 Qe8 17. Nf3 Bf6 18. O-O Nc6 19. Rae1 e5 20. Bg5 Qc8 21. Qg3 e4 22. Bxf6 Rxf6 23. Ng5 Ne7 24. Qh4 Nf5 25. Qh7+ Kf8 26. g4 1-0

[Event "Quebec-ch U16"]
[Site "Montreal CAN"]
[Date "1998.03.05"]
[Round "1"]
[White "Fortin, Marc"]
[Black "Caire, Francois"]
[Result "0-1"]
[WhiteElo "1777"]
[BlackElo "1622"]
[PlyCount "54"]
[GameId "2160767911873776"]
[EventDate "1998.03.05"]
[EventType "tourn"]
[EventRounds "7"]
[EventCountry "CAN"]
[SourceTitle "EXT 2000"]
[Source "ChessBase"]
[SourceDate "1999.11.18"]
[SourceVersion "1"]
[SourceVersionDate "1999.11.18"]
[SourceQuality "1"]

1. e4 c5 2. Nf3 Nc6 3. d4 cxd4 4. Nxd4 Nf6 5. Nc3 e5 6. Ndb5 d6 7. Bg5 a6 8. Na3 b5 9. Bxf6 gxf6 10. Nd5 f5 11. Bd3 Be6 12. Qh5 Bg7 13. c3 O-O 14. exf5 Bxd5 15. f6 e4 16. fxg7 Re8 17. Be2 Re5 18. Qh3 Rg5 19. O-O Ne5 20. Nc2 Qf6 21. Kh1 Qg6 22. Rg1 Bc4 23. Bxc4 bxc4 24. Ne1 Ng4 25. Qg3 Nxh2 26. Qf4 Qh6 27. g3 Nf3+ 0-1

[Event "Quebec-ch U16"]
[Site "Montreal CAN"]
[Date "1998.03.05"]
[Round "1"]
[White "Mogilevsky, Olga"]
[Black "Laframboise, Marc-Andre"]
[Result "0-1"]
[WhiteElo "1601"]
[BlackElo "1686"]
[PlyCount "86"]
[GameId "2160767911873777"]
[EventDate "1998.03.05"]
[EventType "tourn"]
[EventRounds "7"]
[EventCountry "CAN"]
[SourceTitle "EXT 2000"]
[Source "ChessBase"]
[SourceDate "1999.11.18"]
[SourceVersion "1"]
[SourceVersionDate "1999.11.18"]
[SourceQuality "1"]

1. e4 c6 2. d4 d5 3. Nc3 dxe4 4. Nxe4 Nd7 5. Nf3 Ngf6 6. Nxf6+ Nxf6 7. h3 e6 8. Bd3 Be7 9. O-O O-O 10. c4 Qc7 11. Be3 Rd8 12. Qc2 b6 13. Rad1 Bb7 14. Rd2 c5 15. dxc5 Bxc5 16. Bxc5 bxc5 17. Nh2 Rd4 18. f3 h5 19. Rfd1 Rad8 20. b4 Kh8 21. b5 Qf4 22. Nf1 Nd7 23. Be2 Ne5 24. Rxd4 Rxd4 25. Rxd4 Qxd4+ 26. Kh1 Ng6 27. Qd2 Nf4 28. Qxd4 cxd4 29. Ng3 h4 30. c5 hxg3 31. Bd1 Nd3 32. c6 Bc8 33. Bb3 Nc5 34. Kg1 Nxb3 35. axb3 e5 36. Kf1 f5 37. Ke2 e4 38. fxe4 fxe4 39. Kd2 Kg8 40. Kc2 Kf7 41. b4 Ke7 42. Kb3 Be6+ 43. Kc2 Kd6 0-1

[Event "Quebec-ch U16"]
[Site "Montreal CAN"]
[Date "1998.03.05"]
[Round "2"]
[White "Caire, Francois"]
[Black "Falardeau, Bruno"]
[Result "1/2-1/2"]
[WhiteElo "1622"]
[BlackElo "1631"]
[PlyCount "78"]
[GameId "2160767911873778"]
[EventDate "1998.03.05"]
[EventType "tourn"]
[EventRounds "7"]
[EventCountry "CAN"]
[SourceTitle "EXT 2000"]
[Source "ChessBase"]
[SourceDate "1999.11.18"]
[SourceVersion "1"]
[SourceVersionDate "1999.11.18"]
[SourceQuality "1"]

1. d4 e6 2. e4 d5 3. Nc3 Bb4 4. e5 c5 5. a3 Bxc3+ 6. bxc3 Ne7 7. Nf3 Nbc6 8. Be2 Bd7 9. O-O Nf5 10. Rb1 Rb8 11. Bd3 Qa5 12. Bxf5 exf5 13. Qd3 Ne7 14. c4 cxd4 15. Qxd4 dxc4 16. e6 Bxe6 17. Qxg7 Rg8 18. Qxh7 Qc3 19. Ng5 Qf6 20. Nxe6 fxe6 21. Qh5+ Qg6 22. Qxg6+ Nxg6 23. g3 b5 24. Rd1 Ne7 25. Bf4 Rb7 26. h4 Nd5 27. Be5 a6 28. Kh2 Rf7 29. Re1 Kd7 30. Rbd1 Rh7 31. Rd4 Rg6 32. a4 Kc6 33. Ra1 Kb6 34. Rb1 Kc6 35. Ra1 Kb6 36. Kh3 Rg8 37. Rb1 Kc6 38. Ra1 Kb6 39. Kh2 Rg6 1/2-1/2

[Event "Quebec-ch U16"]
[Site "Montreal CAN"]
[Date "1998.03.05"]
[Round "2"]
[White "Fortin, Marc"]
[Black "Mogilevsky, Olga"]
[Result "1-0"]
[WhiteElo "1777"]
[BlackElo "1601"]
[PlyCount "103"]
[GameId "2160767911873779"]
[EventDate "1998.03.05"]
[EventType "tourn"]
[EventRounds "7"]
[EventCountry "CAN"]
[SourceTitle "EXT 2000"]
[Source "ChessBase"]
[SourceDate "1999.11.18"]
[SourceVersion "1"]
[SourceVersionDate "1999.11.18"]
[SourceQuality "1"]

1. e4 e5 2. Nf3 Nc6 3. Bc4 Nf6 4. Ng5 d5 5. exd5 Na5 6. Bb5+ Bd7 7. Bxd7+ Qxd7 8. Nc3 Nxd5 9. Nxd5 Qxd5 10. O-O O-O-O 11. d3 h6 12. Ne4 f5 13. Nc3 Qe6 14. Qe2 g5 15. a3 Nc6 16. Re1 Bg7 17. f4 Nd4 18. Qf2 gxf4 19. Bxf4 Rhe8 20. Be3 Qg6 21. Bxd4 Rxd4 22. Nb5 Rd5 23. c4 Rxd3 24. Qxa7 Qb6+ 25. Qxb6 cxb6 26. Rf1 f4 27. Rf3 Red8 28. Raf1 Rxf3 29. gxf3 Rd3 30. Kg2 Kd7 31. Nc3 Rd4 32. Rd1 Kc6 33. b4 Rxd1 34. Nxd1 b5 35. c5 Kd5 36. Nc3+ Kc4 37. Ne4 Kb3 38. Nd6 Kxa3 39. Nxb7 Kxb4 40. c6 e4 41. c7 e3 42. c8=Q e2 43. Qc5+ Ka4 44. Qf2 b4 45. Qxe2 b3 46. Nc5+ Ka3 47. Nxb3 Kxb3 48. Qe6+ Kc3 49. Qg6 Be5 50. Qxh6 Kd3 51. Qg6+ Ke3 52. Qe4+ 1-0

[Event "Quebec-ch U16"]
[Site "Montreal CAN"]
[Date "1998.03.05"]
[Round "2"]
[White "Laframboise, Marc-Andre"]
[Black "Bachand-Fleurent, Julien"]
[Result "1/2-1/2"]
[WhiteElo "1686"]
[BlackElo "1657"]
[PlyCount "75"]
[GameId "2160767911873780"]
[EventDate "1998.03.05"]
[EventType "tourn"]
[EventRounds "7"]
[EventCountry "CAN"]
[SourceTitle "EXT 2000"]
[Source "ChessBase"]
[SourceDate "1999.11.18"]
[SourceVersion "1"]
[SourceVersionDate "1999.11.18"]
[SourceQuality "1"]

1. d4 d5 2. c4 e6 3. Nc3 c6 4. e3 f5 5. Nf3 Nf6 6. g3 Bd6 7. c5 Bc7 8. Bg2 Qe7 9. b4 a6 10. Bb2 O-O 11. O-O Bd7 12. a4 Ne4 13. Ne5 Be8 14. f3 Nxc3 15. Bxc3 Nd7 16. Nxd7 Bxd7 17. f4 g6 18. Rf2 Rfb8 19. Bf1 Qe8 20. Rb2 Kg7 21. Rab1 Qc8 22. h3 Kg8 23. Kh1 Qd8 24. Qe1 Qf8 25. Rg2 Qh6 26. Rh2 Qf8 27. Be2 Kf7 28. g4 Qg7 29. g5 Ke7 30. Bf1 Kf8 31. Rhb2 Kg8 32. b5 axb5 33. axb5 Qf8 34. b6 Bd8 35. Ra1 Rxa1 36. Qxa1 Be7 37. Qa7 Qc8 38. Ra2 1/2-1/2

[Event "Quebec-ch U16"]
[Site "Montreal CAN"]
[Date "1998.03.05"]
[Round "2"]
[White "Moss, Laurent"]
[Black "Desmarais, Emmanuel"]
[Result "1-0"]
[WhiteElo "1595"]
[BlackElo "1693"]
[PlyCount "41"]
[GameId "2160767911873781"]
[EventDate "1998.03.05"]
[EventType "tourn"]
[EventRounds "7"]
[EventCountry "CAN"]
[SourceTitle "EXT 2000"]
[Source "ChessBase"]
[SourceDate "1999.11.18"]
[SourceVersion "1"]
[SourceVersionDate "1999.11.18"]
[SourceQuality "1"]

1. d4 d5 2. Nf3 c6 3. c4 e6 4. cxd5 exd5 5. Nc3 Bd6 6. Bg5 Nf6 7. Qc2 Qe7 8. e3 Bg4 9. Bd3 h6 10. Bh4 Nbd7 11. Nd2 Bc7 12. Nxd5 cxd5 13. Qxc7 O-O 14. Bxf6 Qxf6 15. Qxb7 Rab8 16. Qxd5 Rxb2 17. Qe4 Rfb8 18. Qxg4 Rxd2 19. Kxd2 Qxf2+ 20. Be2 Rb2+ 21. Kd3 1-0

[Event "Quebec-ch U16"]
[Site "Montreal CAN"]
[Date "1998.03.06"]
[Round "3"]
[White "Bachand-Fleurent, Julien"]
[Black "Fortin, Marc"]
[Result "1-0"]
[WhiteElo "1657"]
[BlackElo "1777"]
[PlyCount "47"]
[GameId "2160767911873782"]
[EventDate "1998.03.05"]
[EventType "tourn"]
[EventRounds "7"]
[EventCountry "CAN"]
[SourceTitle "EXT 2000"]
[Source "ChessBase"]
[SourceDate "1999.11.18"]
[SourceVersion "1"]
[SourceVersionDate "1999.11.18"]
[SourceQuality "1"]

1. e4 c5 2. Nf3 d6 3. d4 cxd4 4. Nxd4 Nf6 5. Nc3 Nc6 6. Be3 e6 7. g4 Be7 8. g5 Nd7 9. Rg1 a6 10. Qh5 Nb6 11. g6 Bf6 12. Nxc6 bxc6 13. Rd1 Ke7 14. e5 Bxe5 15. Qxe5 dxe5 16. Rxd8 Rxd8 17. Bxb6 Rh8 18. gxf7 Kxf7 19. Bc7 g6 20. Bxe5 Rd8 21. Rg3 Ra7 22. Bc4 a5 23. Ne4 Re7 24. Rf3+ 1-0

[Event "Quebec-ch U16"]
[Site "Montreal CAN"]
[Date "1998.03.06"]
[Round "3"]
[White "Desmarais, Emmanuel"]
[Black "Laframboise, Marc-Andre"]
[Result "1/2-1/2"]
[WhiteElo "1693"]
[BlackElo "1686"]
[PlyCount "43"]
[GameId "2160767911873783"]
[EventDate "1998.03.05"]
[EventType "tourn"]
[EventRounds "7"]
[EventCountry "CAN"]
[SourceTitle "EXT 2000"]
[Source "ChessBase"]
[SourceDate "1999.11.18"]
[SourceVersion "1"]
[SourceVersionDate "1999.11.18"]
[SourceQuality "1"]

1. e4 c5 2. Nc3 Nc6 3. g3 g6 4. Bg2 Bg7 5. d3 d6 6. Nge2 e5 7. f4 Nge7 8. O-O O-O 9. h3 h5 10. Be3 Nd4 11. Bf2 Be6 12. Nd5 Re8 13. Nxe7+ Qxe7 14. Nxd4 cxd4 15. f5 Bd7 16. g4 h4 17. Be1 g5 18. Bb4 Rec8 19. Rf2 a5 20. Bd2 Ba4 21. b3 Be8 22. Rc1 1/2-1/2

[Event "Quebec-ch U16"]
[Site "Montreal CAN"]
[Date "1998.03.06"]
[Round "3"]
[White "Falardeau, Bruno"]
[Black "Moss, Laurent"]
[Result "1/2-1/2"]
[WhiteElo "1631"]
[BlackElo "1595"]
[PlyCount "66"]
[GameId "2160767911873784"]
[EventDate "1998.03.05"]
[EventType "tourn"]
[EventRounds "7"]
[EventCountry "CAN"]
[SourceTitle "EXT 2000"]
[Source "ChessBase"]
[SourceDate "1999.11.18"]
[SourceVersion "1"]
[SourceVersionDate "1999.11.18"]
[SourceQuality "1"]

1. e4 c5 2. Nf3 d6 3. Bb5+ Bd7 4. Bxd7+ Qxd7 5. O-O Nc6 6. d3 g6 7. Nc3 Bg7 8. Ne2 e6 9. c3 Nge7 10. d4 cxd4 11. Nexd4 O-O 12. Be3 d5 13. exd5 Nxd5 14. Nxc6 Qxc6 15. Qc1 Nxe3 16. Qxe3 Qc7 17. Rfd1 Rfe8 18. Rd3 e5 19. Rd5 e4 20. Nd4 a6 21. Nb3 f5 22. g3 Rad8 23. Rad1 Rxd5 24. Rxd5 Rd8 25. Qd2 Rxd5 26. Qxd5+ Qf7 27. Qd8+ Bf8 28. Nc5 Qxa2 29. Nd7 Qf7 30. Nf6+ Kg7 31. Ne8+ Kg8 32. Nf6+ Kg7 33. Ne8+ Kg8 1/2-1/2

[Event "Quebec-ch U16"]
[Site "Montreal CAN"]
[Date "1998.03.06"]
[Round "3"]
[White "Mogilevsky, Olga"]
[Black "Caire, Francois"]
[Result "0-1"]
[WhiteElo "1601"]
[BlackElo "1622"]
[PlyCount "52"]
[GameId "2160767911873785"]
[EventDate "1998.03.05"]
[EventType "tourn"]
[EventRounds "7"]
[EventCountry "CAN"]
[SourceTitle "EXT 2000"]
[Source "ChessBase"]
[SourceDate "1999.11.18"]
[SourceVersion "1"]
[SourceVersionDate "1999.11.18"]
[SourceQuality "1"]

1. e4 c5 2. Nf3 Nc6 3. d4 cxd4 4. Nxd4 Nf6 5. Nc3 e5 6. Nb3 Bb4 7. f3 d5 8. exd5 Nxd5 9. Bd2 Nxc3 10. Bxc3 Bxc3+ 11. bxc3 O-O 12. Qd3 Qc7 13. O-O-O Be6 14. Qd6 Qb6 15. Bd3 a5 16. Kb2 a4 17. Qc5 Qc7 18. Nd2 Ra5 19. Bxh7+ Kxh7 20. Qxf8 a3+ 21. Ka1 Nd4 22. c4 Rb5 23. Rc1 Ne2 24. Rce1 Qa5 25. Nb1 Rxb1+ 26. Kxb1 Qb6+ 0-1

[Event "Quebec-ch U16"]
[Site "Montreal CAN"]
[Date "1998.03.06"]
[Round "4"]
[White "Caire, Francois"]
[Black "Moss, Laurent"]
[Result "1/2-1/2"]
[WhiteElo "1622"]
[BlackElo "1595"]
[PlyCount "72"]
[GameId "2160767911873786"]
[EventDate "1998.03.05"]
[EventType "tourn"]
[EventRounds "7"]
[EventCountry "CAN"]
[SourceTitle "EXT 2000"]
[Source "ChessBase"]
[SourceDate "1999.11.18"]
[SourceVersion "1"]
[SourceVersionDate "1999.11.18"]
[SourceQuality "1"]

1. d4 Nf6 2. c4 c5 3. d5 b5 4. cxb5 a6 5. bxa6 g6 6. Nc3 Bxa6 7. e4 Bxf1 8. Kxf1 d6 9. Nf3 Bg7 10. g3 O-O 11. Kg2 Nbd7 12. Re1 Ng4 13. Qc2 Qa5 14. h3 Nge5 15. Nxe5 Nxe5 16. Re2 Rfb8 17. f4 Nc4 18. Qd3 Nxb2 19. Bxb2 Rxb2 20. Rxb2 Bxc3 21. Rb5 Bxa1 22. Rxa5 Rxa5 23. Qb3 Bd4 24. Kf3 Kg7 25. Ke2 Ra7 26. Kd3 Kf6 27. a4 e6 28. dxe6 fxe6 29. Qb5 Ke7 30. a5 Bg1 31. Kc4 Rd7 32. Qb6 d5+ 33. exd5 exd5+ 34. Kc3 Bd4+ 35. Kd2 Rd6 36. Qc7+ Rd7 1/2-1/2